000 00750nam a2200229 a 4500
001 13890
003 BD-JhCC
005 20240512095025.0
008 190909b2003 bg |||| ||a| 000 0 ben d
020 _a9844017378
035 _a(BD-JhCC)13890
040 _aBD-JhCC
_dBD-JhCC
041 _aben
082 _a891.443
_bPAT 2003
100 _aপাটওয়ারী ,আয়াত আলী
245 _aছায়াকরী /
_bআয়াত আলী পাটওয়ারী ।
260 _aঢাকা:
_bআগামী প্রকাশনী;
_c২০০৩.
300 _a১০৩ পৃ. :
_c২২ সেমি.
650 _aবাংলা উপন্যাস
942 _2ddc
_cBK
999 _c13890
_d13890